Normal view
MARC view
Entry Personal Name
001 - CONTROL NUMBER
- control field: 1236964
003 - CONTROL NUMBER IDENTIFIER
- control field: OSt
005 - DATE AND TIME OF LATEST TRANSACTION
- control field: 20260430150247.0
008 - FIXED-LENGTH DATA ELEMENTS
- fixed length control field: 260430|| aca||aabn | a|a d
040 ## - CATALOGING SOURCE
- Original cataloging agency: OSt
- Transcribing agency: OSt
100 ## - HEADING--PERSONAL NAME
- Personal name: Thiyam Lakshmi Devi Au.; Naorem Aruna Gu
670 ## - SOURCE DATA FOUND
- Source citation: Work cat.: (OSt)1849355: Thiyam Lakshmi Devi Au.; Naorem Aruna Gu., Studies on the wee genes of dictyostelium discoideum, 2022
